000 00324nam a22001337a 4500
008 170628b xxu||||| |||| 00| 0 eng d
020 _a9780812919813
041 _aeng
080 _a82
100 _a22
101 _aGJL
245 _aANGER KILLS SEVENTEEN STRATEGIES FOR CONTROLLING
_cWILLIAMS.R
942 _2udc
_cBK
999 _c19420
_d19420